BIBLIOTHÈQUE DE LA MAISON DU MEXIQUE

Logo 1 Logo 2

Historia de la locura en la época clásica (notice nᵒ 12315)

détails MARC
000 -Sello discográfico
campo de control de longitud fija 00933nam a2200301 4500
005 - Identificación de versión
campo de control 20251016084700.0
035 ## - Otros números de control del sistema
Número de control del sistema 8436
099 ## - fechas locales
Tipo de ítem Koha LIBRO
100 ## - Datos de procesamiento general
Datos de procesamiento general 19930801d1967 m y1spay5003 ba
101 1# - Idioma del recurso
Idioma del texto, banda sonora, etc. Español; Castellano
Idioma de la obra original Francés
105 ## - Campo de datos codificados: Material textual, monográfico
Datos codificados de monografía y 001zy
200 1# - Título y mención de responsabilidad
Título propio Historia de la locura en la época clásica
Designación general del material texto impreso
Primer mención de responsabilidad Michel Foucault
Declaración de responsabilidad subsiguiente traducción de Juan José Utrilla
205 ## - Declaración de edición
Declaración de edición 1a ed
210 ## - Publicación, distribución, etc.
Lugar de publicación, distribución, etc. México
Nombre del editor, distribuidor, etc. Fondo de Cultura Económica
Fecha de publicación, distribución, etc. 1967
215 ## - Descripción física
Designación de material específico y extensión del ítem 277 p
Dimensiones 17 cm
345 ## - Nota de información de adquisición
Fuente de adquisición/dirección de la suscripción [OBSOLETO] Donación
410 #1 - Series
Título Breviarios del Fondo de Cultura Económica
Número de volumen 191
454 #1 - Traducción de
Título Histoire de la folie à l'âge classique
606 ## - Término temático usado como materia
Elemento de entrada Locura
Número Koha 12444
700 ## - Nombre personal - Responsabilidad primaria
Elemento de entrada Foucault
Parte del nombre distinta del elemento de entrada Michel
Fechas 1926-1984
Número Koha 9391
702 ## - Nombre personal - Responsabilidad secundaria
Elemento de entrada Utrilla
Parte del nombre distinta del elemento de entrada Juan José
Fechas 1932-
Número Koha 2309
801 #0 - Fuente de origen
Agencia cm
900 ## -
-- 1/9097
900 ## -
-- 710934757\\010893
942 ## - ELEMENTOS DE ENTRADA SECUNDARIOS (KOHA)
Tipo de ítem Koha Livre
996 ## -
-- MEX
-- 751145101
-- MMAG
-- 004657
-- 082.1 B846 V.191
-- 20210422LIV
Exemplaires
Estatus retirado Estado de daño Estado de pérdida Fecha de adquisición Biblioteca de origen Biblioteca actual Ubicación en estantería Código de barras Precio de reemplazo Signatura topográfica completa No para préstamo Tipo de ítem Koha Nota pública Nota no pública
      05/08/2025 Casa México Paris Casa México Paris   004657 05/08/2025 082.1 B846 V.191   Livre 20210422LIV 751145101